000 01702nam a22002177a 4500
999 _c63714
_d63714
003 Ge_BSU
005 20251212193030.0
008 251212b xxu||||| |||| 00| 0 geo d
020 _a9789941986772
041 _ageo
080 _a821.581.03=353.1 მ-42
100 _aმაცუკი, ტაშირო
_926489
245 _aტიბეტელი ბერის ლექსები და ჩანაწერები /
_cტაშირო მაცუკი; თარგმნა რაულ ჩილაჩავამ; რედაქტორი თამარ ნინიკაშვილი; პწკარედების ავტორი და კონსულტანტი ჰანგ ჩანჰუნი; წინასიტყვაობა პაატა ნაცვლიშვილი; ყდის დიზაინი მანანა კვერნაძე; საქართველოს პარლამენტის ეროვნული ბიბლიოთეკა.
250 _aმე-2, შევსებული და შესწორებული გამოცემა.
264 _aთბილისი :
_b საქართველოს პარლამენტის ეროვნული ბიბლიოთეკა,
_c2024.
300 _a438 გვ. ;
_b20 სმ.
653 _aჩინური პოეზია
700 _aჩილაჩავა, რაულ,
_eმთარგმნელი.
_926490
856 _uhttps://dspace.nplg.gov.ge/bitstream/1234/530495/1/TibeteliBerisLeqsebiDaChanawerebi_2024.pdf
_yელ. ვერსია
942 _2udc
_cᲬᲘᲒᲜᲘ